00513nam a2200157Ia 4500003000400000008004100004040001600045082002600061100003500087245008100122490005800203650001100261650001500272650002800287650004000315GCL140319s9999 xx 000 0 ara d aGCL / cGCL04aقb327.962055bح ا1 aحسين مجيب المصرى10aايران ومصر عبر التاريخ / cحسين مجيب المصرى aالهيئة العامة للاستعلاماتv004aمصر04aايران04aايران - تاريخ04aمصر القديمة - تاريخ